| 000 | 00531nam a2200157Ia 4500 | ||
|---|---|---|---|
| 008 | 180921t xxu||||| ||||o00| 0 eng d | ||
| 041 | _aeng | ||
| 080 | _aVol.2 1880-1894 | ||
| 245 | _aordinance : No.16 of 1891. An ordinance To Make Provision For The Registration of Mutual Provident And Other Societies. (See No.5 of 1891,Page 935.) | ||
| 300 | _ap.918-935, 23 cm | ||
| 500 | _a*Ordinance No.4 Of 1861,Vol.1.,Page 318. | ||
| 650 | _aMutual Societies. | ||
| 942 | _cBK | ||
| 999 |
_c49184 _d49184 |
||
| 003 | LK-CoDNM | ||
| 040 |
_aLK-CoDNM _dLK-CoDNM _eLK-CoDNM |
||